| 000 | 00358nam a2200133Ia 4500 | ||
|---|---|---|---|
| 008 | 240624s9999 xx 000 0 und d | ||
| 041 | _aeng | ||
| 082 | _a005.133 GLA | ||
| 100 | _aGLASSBOROW FRANCIS | ||
| 245 | _aBEGINNER S INTRODUCTION TO COMPUTER PROG | ||
| 260 |
_c2007 _aNew Delhi _bWiley India |
||
| 300 | _axxii, , 353 , 25 , p. : cm. | ||
| 365 |
_cRS _b35 |
||
| 999 |
_c7302 _d7302 |
||